Регионална библиотека "Любен Каравелов" - Русе

Честит рожден ден (Запис номер 129469)

MARC детайли
000 -Лидер
Лидер 01130nam a2200301 a 4500
003 - Код на организацията, давaща контролен номер
Код на организацията, даваща контролен номер BLK
005 - Дата и час на последна редакция
Дата и час на последна редакция 20250725135429.0
008 - Елементи от данни с фиксирана дължина
Елементи с фиксирана дължина 180409b bul|||||r ||||||| ||bul||
020 ## - Международен стандартен номер на книга ISBN
ISBN 9789546553348
040 ## - Източник на каталожния запис
Код на библиотеката BLK
041 ## - Код за език
Език Български
Език за КДБФ Български
080 ## - УДК
УДК текст Американска литература (на САЩ)
УДК код 821.111(73)
УДК – определител -31
УДК – код + определител 821.111(73)-31
100 1# - Редна дума - Автор
Автор Стийл, Даниел
R(LIN) 363685
245 10 - Сведения за заглавието
Заглавие Честит рожден ден
Подзаглавни данни Роман
Авторска отговорност Даниел Стийл ; прев. Диана Кутева, Стамен Стойчев.
257 ## - Страна на издаване
Страна на създаване/издаване Съединени американски щати
260 ## - Област на издателските данни
Място на издаване София
Име на издателя Бард
Година на издаване 2012
Печатница Хасково : Полиграфюг
300 ## - Физическа характеристика
Брой страници 320 с.
Размер 20 см
380 ## - Жанр
Жанр Худож. лит.
500 ## - Общи забележки
Обща забележка Ориг. загл. Happy Birthday / Danielle Steel.
700 1# - Други автори (авторска отговорност)
Друг автор Кутева, Диана Янакиева
Дати, свързани с автора 1955 -
9 (RLIN) 85939
700 ## - Други автори (авторска отговорност)
Друг автор Стойчев, Стамен Димов
Авт. отговорност на др. автор прев.
9 (RLIN) 364706
852 ## - Местоположение
Отдел Основен фонд - ползва се само за читалня
856 4# - Електронен адрес и достъп
Електронен формат pdf - файл
856 4# - Електронен адрес и достъп
Електронен формат pdf - файл
942 ## - АРТИКУЛИ
Вид на библиотечния документ Книги
Скрит в OPAC Не
Koha issues (borrowed), all copies 111
944 ## - СЪЗДАВАНЕ И РЕДАКЦИЯ на ЗАПИСА
Дата на регистрацията/редакция 2023
Номер на служител Минев Младен
Служител, извършил регистрацията/редакцията 30530
999 ## - СИСТЕМНИ КОНТРОЛНИ НОМЕРА
Koha biblionumber 129469
Koha biblioitemnumber 129469
Наличности
Код за отписване Код за изгубен артикул Източник на класификационната схема Код за повреда Коз за рестрикции Код за отдаване Артикулен № Име на библиотеката - собственик Име на библиотеката, в която се намира в момента Статус (Текущо местоположение) Дата на вписване в системата Местоположение - отдел Цена в лева Инвентарен номер Систематично азбучна сигнатура Баркод Номер на екземпляра Цена в евро Служебна бележка Служебен тип на артикула
  Не е изгубен Universal Decimal Classification Не е повреден без рестрикции заемане за дома 210350 Регионална библиотека "Любен Каравелов" Русе Регионална библиотека "Любен Каравелов" Русе Дубликат 2012-10-18 Заемна - подръчен фонд 13.99 120000760460 П 820(73)-31/С 76 120000760460 1 7.15 Дост: Pk Вид: Ф N: 311 Дата: 11.10.2012 Дата инв: 13.02.2018 Бележки инв: П2018 Книги
  Не е изгубен Universal Decimal Classification Не е повреден без рестрикции заемане за дома 210351 Регионална библиотека "Любен Каравелов" Русе Регионална библиотека "Любен Каравелов" Русе Заемна - подръчен фонд 2013-02-07 Заемна - подръчен фонд 13.99 120000763582 П 820(73)-31/С 76 120000763582 2 7.15 Дост: DA Вид: А N: 1 Дата: 07.02.2013 Дата инв: 02.03.2018 Бележки инв: П2018 Книги
  Не е изгубен Universal Decimal Classification Не е повреден без рестрикции заемане за дома 210352 Регионална библиотека "Любен Каравелов" Русе Регионална библиотека "Любен Каравелов" Русе Заемна - подръчен фонд 2013-02-07 Заемна - подръчен фонд 13.99 120000763583 П 820(73)-31/С 76 120000763583 3 7.15 Дост: DA Вид: А N: 1 Дата: 07.02.2013 Дата инв: 13.02.2018 Бележки инв: П2018 Книги
  Не е изгубен Universal Decimal Classification Не е повреден само за читалня ползва се в читалня 932954 Регионална библиотека "Любен Каравелов" Русе Регионална библиотека "Любен Каравелов" Русе Хранилище 2023-08-17 Основен фонд - ползва се само за читалня 13.99 120000892112 Цб 319536 120000892112   7.15   Книги
Vip Innovations Ltd, Rousse, Bulgaria 2025